Programmierung des daro Cellatron C 8205 - Maschinenorientierte Interpretiersysteme

Na minha lista:
Detalhes bibliográficos
Formato: Livro
Idioma:alemão
Publicado em: Berlin Veb Verlag Technik 1972
Tags: Adicionar Tag
Sem tags, seja o primeiro a adicionar uma tag!

MARC

LEADER 00000nam a2200000 4500
001 c121429
005 20260326132803.9
041 0 |a ger 
044 |a DE 
245 1 0 |a Programmierung des daro Cellatron C 8205 - Maschinenorientierte Interpretiersysteme  |c Wilhelm Leupold, Jürgen Lötzsch 
264 1 |a Berlin  |b Veb Verlag Technik  |c 1972 
300 |a 60 s.